Score 0/24 Timer 02:00
0 Plays Today
Movie Title Missing Word % Correct
_____ ScissorhandsEdward
97.2%
_____ in WonderlandAlice
95.6%
_____ and the Chocolate FactoryCharlie
94.9%
A _____ on Elm StreetNightmare
94.2%
Pirates of the Caribbean: _____ Man's ChestDead
94%
Pirates of the Caribbean: At _____ EndWorld's
87.5%
Pirates of the Caribbean: The _____ of the Black PearlCurse
85.8%
Sleepy _____Hollow
82%
What's _____ Gilbert GrapeEating
75.5%
Corpse _____Bride
72.7%
Fear and _____ in Las VegasLoathing
70.9%
_____ NeverlandFinding
69.3%
Movie Title Missing Word % Correct
Cry-_____Baby
66.5%
_____ EnemiesPublic
63.6%
_____ BrascoDonnie
55%
Sweeney Todd: The _____ Barber of Fleet StreetDemon
54.2%
The Astronaut's _____Wife
53%
The Imaginarium of _____ ParnassusDoctor
50.7%
_____ & JoonBenny
41.3%
Once Upon a Time in _____Mexico
37.4%
Secret _____Window
36.9%
Ed _____Wood
36.3%
Don _____ DeMarcoJuan
35.8%
From _____Hell
28.4%

Today's Daily Dose

Remove Ads.
Support Sporcle.
Get the best of Sporcle when you Go Orange. This ad-free experience offers more features, more stats, and more fun while also helping to support Sporcle. Thank you for becoming a member.

You're not logged in!

Compare scores with friends on all Sporcle quizzes.
OR
Log In

Show Comments

Extras

Top Quizzes Today


Score Distribution

Your Account Isn't Verified!

In order to create a playlist on Sporcle, you need to verify the email address you used during registration. Go to your Sporcle Settings to finish the process.

Report this User

Report this user for behavior that violates our Community Guidelines.

Details: